Květiny bílé po cestě-- : svatební oděv a svatební fotografie (1880-1970) ze sbírek Etnografického ústavu Moravského zemského muzea = Weiße Blüten dem Weg entlang-- : Hochzeitskleidung und Hochzeitsfotos (1880-1970) aus den Sammlungen des Ethnographischen Instituts des Mährischen Landesmuseums /

Main Author: Beránková, Helena, 1956-
Other Authors: Nováková, Lenka, 1949-
Language: German
Czech
Published: Brno : Moravské zemské muzeum, Etnografický ústav, 2005
Online Access: Digitalizovaný dokument
Physical Description: 31 s. : il. ; 21 cm
Language note: Souběžný český a německý text
Book
Saved in:
LEADER 02017nam a2200433 a 4500
001 000771521
003 CZ BrMZK
005 20050701120927.0
007 ta
008 050421s2005 xr a grc 000 0 cze d
015 |a cnb001527886 
020 |a 80-7028-248-7  |q (brož.) 
035 |a (OCoLC)85140320 
040 |a BOA001  |b cze 
041 1 |a cze  |a ger 
043 |a e-xr--- 
072 7 |a 392  |x Zvyky, mravy, obyčeje v soukromém životě  |2 Konspekt  |9 1 
080 |a 392.51  |2 MRF 
080 |a (437.3)  |2 MRF 
080 |a (083.824)  |2 MRF 
100 1 |a Beránková, Helena,  |d 1956-  |7 jn20010601359  |4 aut 
245 1 0 |a Květiny bílé po cestě-- :  |b svatební oděv a svatební fotografie (1880-1970) ze sbírek Etnografického ústavu Moravského zemského muzea = Weiße Blüten dem Weg entlang-- : Hochzeitskleidung und Hochzeitsfotos (1880-1970) aus den Sammlungen des Ethnographischen Instituts des Mährischen Landesmuseums /  |c [text Helena Beránková, Lenka Nováková] 
246 3 1 |a Weiße Blüten dem Weg entlang-- 
260 |a Brno :  |b Moravské zemské muzeum, Etnografický ústav,  |c 2005 
300 |a 31 s. :  |b il. ;  |c 21 cm 
500 |a Souběžný název z tiráže 
504 |a Obsahuje bibliografii 
546 |a Souběžný český a německý text 
500 |a Dostupné též v digitální podobě v aplikaci Kramerius 
650 0 7 |a svatba  |7 ph126295  |z Česko  |y 19.-20. stol.  |2 czenas 
650 0 7 |a svatební zvyky  |7 ph137516  |z Česko  |y 19.-20. stol.  |2 czenas 
655 7 |a katalogy výstav  |7 fd132536  |2 czenas 
700 1 |a Nováková, Lenka,  |d 1949-  |7 mzk2005282183  |4 aut 
856 4 1 |u http://www.digitalniknihovna.cz/mzk/uuid/uuid:454d2330-c6a8-11ea-a037-005056827e52  |y Digitalizovaný dokument  |x NDK 
910 |a BOA001  |b 2-1150.239 
990 |a BK 
991 |b 200506  |c NOV 
996 7 |b 2610250028  |c 2-1150.239  |l MZK  |r Sklad / do 1 hodiny  |n 20  |p p.v.  |w 000771521  |u 000020  |a 1  |e BOA001  |j MZK50  |s A 
996 6 |b 2610250029  |c 2-1150.239  |l MZK  |r Sklad / do 1 hodiny  |n 5  |p p.v.  |w 000771521  |u 000010  |a 1  |e BOA001  |j MZK50  |s P